000 00279nam a22001337a 4500
008 171013b xxu||||| |||| 00| 0 eng d
020 _a9780195167078
041 _aeng
080 _a316
100 _a51
101 _aSOC
245 _aINTERPLAY
_cADLER, R.B
942 _2udc
_cBK
999 _c33732
_d33732